Atlas chutí Čech, Moravy a Slezska : regionální kuchařka /

Hlavní autor: Pospěchová, Petra, 1978-
Jazyk: Čeština
Vydáno: Praha : Smart Press, 2023
Vydání: Druhé vydání
Témata:
Fyzický popis: 315 stran : barevné ilustrace, mapy ; 25 cm
Knihy
Uloženo v:
LEADER 01912cam a2200553 i 4500
001 nkc20233518174
003 CZ PrNK
005 20230524094342.0
007 ta
008 230424s2023 xr ab e f 001 0 cze d
015 |a cnb003518174 
020 |a 978-80-88244-31-8  |q (vázáno) 
035 |a (OCoLC)1381703651 
040 |a KLG001  |b cze  |d ABA001  |e rda 
043 |a e-xr--- 
072 7 |a 641  |x Kuchařství. Potraviny. Vařená jídla  |2 Konspekt  |9 19 
080 |a 641.56-027.541  |2 MRF 
080 |a 641.56(=162.3)  |2 MRF 
080 |a 641.56(=1:437.32)  |2 MRF 
080 |a 641.56(=1:437.33)  |2 MRF 
080 |a (437.3)  |2 MRF 
080 |a (083.12)  |2 MRF 
100 1 |a Pospěchová, Petra,  |d 1978-  |7 xx0078593  |4 aut  |4 pht 
245 1 0 |a Atlas chutí Čech, Moravy a Slezska :  |b regionální kuchařka /  |c Petra Pospěchová 
250 |a Druhé vydání 
264 1 |a Praha :  |b Smart Press,  |c 2023 
300 |a 315 stran :  |b barevné ilustrace, mapy ;  |c 25 cm 
336 |a text  |b txt  |2 rdacontent 
336 |a statický obraz  |b sti  |2 rdacontent 
337 |a bez média  |b n  |2 rdamedia 
338 |a svazek  |b nc  |2 rdacarrier 
500 |a Terminologický slovník 
504 |a Obsahuje bibliografii a rejstřík 
650 0 7 |a regionální jídla  |7 ph933251  |z Česko  |2 czenas 
650 0 7 |a česká jídla  |7 ph116856  |2 czenas 
650 0 7 |a moravská jídla  |7 ph115349  |2 czenas 
650 0 7 |a slezská jídla  |7 ph214602  |2 czenas 
650 0 9 |a regional meals  |z Czechia  |2 eczenas 
650 0 9 |a Czech cookery  |2 eczenas 
650 0 9 |a Moravian cookery  |2 eczenas 
650 0 9 |a Silesian cookery  |2 eczenas 
655 7 |a kuchařské recepty  |7 fd132687  |2 czenas 
655 9 |a cookbooks  |2 eczenas 
910 2 |a BOA001  |b 2-1505.878 
920 |a 1424717  |z KLG001 
990 |a BK 
995 |a 01 
991 |b 202305  |c NOV 
996 6 |b 2610938306  |c 2-1505.878  |l MZK  |r Sklad / do 1 hodiny  |n 0  |p p.v.  |w 001925082  |u 000010  |a 1  |e BOA001  |j MZK50  |s P